World War I Leaders - Statistics

General Stats
  • This quiz has been taken 36 times
    19 since last reset
  • The average score is 15 of 18
Answer Stats
Question Answer % Correct
Whose death sparked World War I? Archduke Franz Ferdinand
100%
Who was the Prime Minister of Britain during much of World War I? David Lloyd George
100%
How did Tsar Nicholas II die? Execution
100%
What was the name of the assassin? Gavrilo Princip
100%
By what title was Germany's World War I leader, Wilhelm II, best known? Kaiser
100%
Who was the English monarch during World War I? King George V
100%
What city was the site of the assassination that led to World War I? Sarajevo
100%
Who was the US president during World War I? Woodrow Wilson
100%
Albert I was the king of which country that was overrun and occupied by German Empire in World War I? Belgium
86%
Who was German commander in the Battle of Tannenberg? Paul von Hindenburg
86%
In the run-up to the World War I, Nicholas II was distracted by his son Alexei's illness. What did Alexei suffer from? Hemophilia
71%
What was relation between Franz Ferdinand and Franz Joseph, Austro-Hungarian emperor? Nephew and uncle
71%
What was the name of Franz Ferdinand's wife? Sophie
71%
Who was the main leader of the Ottoman Empire in World War I? Enver Pasha
57%
What was the name of US president's plans for peace and the goals of the United States in entering World War I? Fourteen Points
57%
Who was the Commander in Chief of American forces in Europe in World War I? John J. Pershing
57%
Who was the president of France at the beginning of World War I? Raymond Poincare
57%
After the successful role of T. E. Lawrence in the Arab Revolt which city was conquered by British General Edmund Allenby in 1917? Jerusalem
43%
No matching quizzes found
Score Distribution
Percent of People with Each Score
Percentile by Number Answered
Your Score History
You have not taken this quiz since the last reset